Menschlichkeit kontra Schafott : der Lebensweg der Helene Kafka - Sr. M. Restituta : [katalog výstavy] : Wiener Schulmuzeum /

Hlavní autor: Sauer, Bruno Josef
Další autoři: Kafka, Maria Restituta, 1894-1943
Jazyk: Němčina
Vydáno: Wien : Wiener Schulmuseum ; 1998
Edice: Schriften des Schulmuseums
Témata:
Fyzický popis: 1 nestránkovaný svazek : obr. ; 25 cm
Knihy
Uloženo v:
LEADER 01574nam a2200421 a 4500
001 000357667
003 CZ BrMZK
005 20231016071543.0
007 ta
008 980115s1998 au e c 0bger d
020 |z 7 
040 |a BOA001  |b cze 
043 |a e-au--- 
045 |a w9x4 
072 7 |a 27-78  |x Křesťanská sdružení, spolky a organizace. Řeholní řády  |2 Konspekt  |9 5 
072 7 |a 929  |x Biografie  |2 Konspekt  |9 8 
080 |a 27-788.461-055.2  |2 MRF 
080 |a 27-788-1/-9  |2 MRF 
080 |a 929  |2 MRF 
080 |a (436)  |2 MRF 
080 |a (083.824)  |2 MRF 
100 1 |a Sauer, Bruno Josef  |4 aut 
245 1 0 |a Menschlichkeit kontra Schafott :  |b der Lebensweg der Helene Kafka - Sr. M. Restituta : [katalog výstavy] : Wiener Schulmuzeum /  |c Bruno Josefa Sauer 
260 |a Wien :  |b Wiener Schulmuseum ;  |c 1998 
300 |a 1 nestránkovaný svazek :  |b obr. ;  |c 25 cm 
490 1 |a Schriften des Schulmuseums ;  |v Nr. 5 
600 1 7 |a Kafka, Maria Restituta,  |d 1894-1943  |7 mzk2002157095 
648 4 |a 1894-1943 
648 7 |a 19.-20. století  |7 ch757015 
650 0 7 |a milosrdné sestry  |z Rakousko  |y 19.-20. století  |7 ph400087  |2 czenas 
650 0 7 |a řeholní život  |z Rakousko  |y 19.-20. století  |7 ph128285  |2 czenas 
655 7 |a katalogy výstav  |7 fd132536  |2 czenas 
700 1 |a Kafka, Maria Restituta,  |d 1894-1943  |7 mzk2002157095  |4 aut 
830 0 |a Schriften des Schulmuseums 
910 |a BOA001  |b 3-1050.077 
990 |a BK 
991 |b 200706 
996 7 |b 2610078653  |c 3-1050.077  |l MZK  |r Sklad / do 1 hodiny  |n 2  |p kup zahr  |w 000357667  |u 000010  |a 1  |e BOA001  |j MZK50  |s A